| 000 | 00853nam a22002657a 4500 | ||
|---|---|---|---|
| 003 | CHAP | ||
| 005 | 20220329135640.0 | ||
| 008 | 971013s r 00010 d | ||
| 010 | _a39906 | ||
| 011 | _a40878 | ||
| 035 | _a45004 | ||
| 040 | _cCHAP | ||
| 090 | _aR-1339 | ||
| 100 | 0 | 0 |
_aMoraes, Vicente Haroldo F. _978194 |
| 245 | _aOcorrencia da deficiencia de magnesio em pimenta do reino (Piper nigrum L.) en condicoes de campo | ||
| 500 | _aSobretiro de: Pesquisa Agropecuaria Brasileira 3:147-148, 1968 | ||
| 590 |
_aBATCH-UPD _b10 _c20130110 _lUCH01 _h0206 |
||
| 590 |
_aBATCH-UPD _b10 _c20130110 _lUCH01 _h1857 |
||
| 590 |
_aCONVERSION _b10 _c20130109 _lUCH01 _h1322 |
||
| 650 | 1 | 4 |
_aMagnesio _xEfecto en plantas. _969851 |
| 650 | 1 | 4 |
_aPimienta negra. _988115 |
| 901 | _aBK | ||
| 942 | _cREIMP | ||
| 949 |
_aR-1339 _bBC _cR _d-103053 _eTS1 _i45004 _si |
||
| 999 |
_c39906 _d39906 |
||